000 01125nam a2200337 a 4500
003 AR-BaBNM
005 20251128205348.0
008 082120s2002 ||||||||||||||000 | spa||
020 _a84-7774-053-4
040 _cAR-BaBNM
100 1 _aMeisels, Samuel J.
245 0 0 _aInventario de detección temprana
_bniños de cuatro a seis años : instrucciones para la administración y puntuación del inventario de detección temprana
260 _aMadrid
_bVisor
_c1989
300 _avii, 19 p.
_btablas, diagr.
490 0 _aAprendizaje
_vv. 53
500 _aIDT: INVENTARIO DE DETECCION TEMPRANA
500 _aApéndice A: IDT Hoja de respuestas: p. 25
500 _aApéndice B: Cuestionario para padres: p. 32
650 4 _aEDUCACION ESPECIAL
650 4 _aPRUEBAS PSICOLOGICAS
650 4 _aESTIMULACION TEMPRANA
650 4 _aPRUEBAS MENTALES
650 4 _aPRUEBAS DE RENDIMIENTO
650 4 _aPRUEBAS ESTANDARIZADAS
653 _aPSICOLOGIA COGNITIVA
700 1 _aWiske, Martha S.
800 1 _aAlvarez, Amelia
_edirector
800 1 _aDel Río, Pablo
_edirector
942 _cBK
998 _cSILVI
999 _c11099
_d11099